Proposta de reglament del Servei d'Arxiu Municipal
ISBN:
84-7794-516-0
Publicado:
Barcelona :
Diputació de Barcelona, Oficina de Patrimoni Cultural : Associació d'Arxivers de Catalunya ,
1997
Descripción Física:
61 p. ; 21 cm
MARC
| LEADER | 00000nam a2200000Ia 4500 | ||
|---|---|---|---|
| 001 | 11743 | ||
| 008 | 160829s1997 xx 000 0 cat d | ||
| 020 | |a 84-7794-516-0 | ||
| 080 | |a A-2-31 | ||
| 245 | |a Proposta de reglament del Servei d'Arxiu Municipal | ||
| 260 | |a Barcelona : |b Diputació de Barcelona, Oficina de Patrimoni Cultural : |b Associació d'Arxivers de Catalunya, |c 1997 | ||
| 300 | |a 61 p. ; |c 21 cm | ||
| 650 | |a Arxius municipals |x Reglaments i procediment |9 39656 | ||
| 710 | 1 | |a Barcelona (Catalunya : Província). |b Oficina de Patrimoni Cultural |9 52675 | |
| 710 | 2 | |a Associació d'Arxivers de Catalunya |9 52966 | |
| 901 | |a Arxiu | ||
| 942 | |n 1 | ||
| 952 | |0 0 |1 0 |4 0 |6 A231 |7 1 |9 49142 |a Arxiu |b Arxiu |d 2016-12-01 |l 0 |o A-2-31 |p 11743 |r 2016-12-01 00:00:00 |w 2016-12-01 |y ARXIU | ||
| 999 | |c 52981 |d 52981 | ||